Las teorías psicosociales de la personalidad: Adler, Fromm, Horney y Sullivan

Kaydedildi:
Detaylı Bibliyografya
Asıl Yazarlar: Hall, Calvin S (Yazar), Lindzey, Gardner (Yazar)
Materyal Türü: Kitap
Dil:İspanyolca
Baskı/Yayın Bilgisi: Buenos Aires Paidós 1977
Seri Bilgileri:Biblioteca del hombre contemporáneo, 277
Konular:
Etiketler: Etiketle
Etiket eklenmemiş, İlk siz ekleyin!

MARC

LEADER 00000nam a2200000 a 4500
001 UCY6505
003 CL-VaPUC
008 950526e19770300AG |||||||||||||||||spa|d
082 0 4 |a 155.2  |b HAL  |2 21 
100 |a Hall, Calvin S  |e author  |9 570729 
700 0 |a Lindzey, Gardner  |e author  |9 336455 
245 1 4 |a Las teorías psicosociales de la personalidad: Adler, Fromm, Horney y Sullivan 
300 |a 101 p 
942 |c BK 
945 |d 19950526 00:00:00  |a cmena 
260 |a Buenos Aires  |b Paidós  |c 1977 
600 0 7 |a FROMM, ERICH  |2 CL-VaPUC  |9 315922 
600 0 7 |a ADLER, ALFRED  |2 CL-VaPUC  |9 328579 
600 0 7 |a HORNEY, KAREN  |2 CL-VaPUC  |9 336456 
600 0 7 |a SULLIVAN, HARRY STACK  |2 CL-VaPUC  |9 336457 
650 0 |a Psicología   |9 257863 
650 0 |a Psicoanálisis   |9 265702 
650 0 |a Personalidad   |9 307255 
650 0 |a Métodos de investigación   |9 262618 
650 0 |a Estilos de vida  |9 336458 
650 0 |a Psicología del desarrollo  |9 307541 
650 0 |a Desarrollo individual   |9 307875 
583 |a last modification  |c 19950526 00:00:00  |k Rodrigo Vera 
490 0 |a Biblioteca del hombre contemporáneo, 277 
999 |c 234067  |d 234065 
952 |0 0  |1 0  |4 0  |6 155_200000000000000_HAL_1977  |7 0  |8 P  |9 240032  |a BIBEDU  |b BIBEDU  |c BIBEDU_PB  |d 2019-11-18  |i 1510835  |o 155.2 HAL 1977  |p 1510835  |r 2024-01-25  |w 2019-11-18  |y BK  |k EDU